_Orgarnic chemistry Daniel S.Kemp (Record no. 14408)
[ view plain ]
| 000 -LEADER | |
|---|---|
| fixed length control field | 00434nam a2200157Ia 4500 |
| 008 - FIXED-LENGTH DATA ELEMENTS--GENERAL INFORMATION | |
| fixed length control field | 151021s9999 xx 000 0 und d |
| 050 ## - LIBRARY OF CONGRESS CALL NUMBER | |
| Classification number | QD251.2 .K45 1980 |
| 245 ## - TITLE STATEMENT | |
| Title | _Orgarnic chemistry Daniel S.Kemp |
| 260 ## - PUBLICATION, DISTRIBUTION, ETC. (IMPRINT) | |
| Place of publication, distribution, etc. | New York Worth 1980 |
| 300 ## - PHYSICAL DESCRIPTION | |
| Extent | xiii,1422p.;ill |
| 500 ## - GENERAL NOTE | |
| General note | Includes index. |
| 500 ## - GENERAL NOTE | |
| General note | Includes index. |
| 650 ## - SUBJECT ADDED ENTRY--TOPICAL TERM | |
| Topical term or geographic name as entry element | _Chemistry |
| 700 ## - ADDED ENTRY--PERSONAL NAME | |
| Personal name | _Frank Vellaccio |
| 980 ## - EQUIVALENCE OR CROSS-REFERENCE-SERIES STATEMENT--PERSONAL NAME/TITLE [LOCAL, CANADA] | |
| Personal name | ^d20131008 05:36:45^oanne |
No items available.